| 000 | 00610nam a2200157 a 4500 | ||
|---|---|---|---|
| 008 | 111118s1970 ||||||||||||||||| || u | ||
| 050 | _aQH 345 Nel | ||
| 100 | _aAlbert L. Lehninger | ||
| 245 | 1 | 0 | _aBiochemistry: the molecular basis of cell structure and function |
| 260 |
_aNew York _bWorth publishers _c1970 |
||
| 300 | _axiii, 833p.: ill. | ||
| 350 | _a0.00 | ||
| 650 | _aBIOCHEMISTRY | ||
| 700 | _aLehninger, Albert L | ||
| 995 |
_aMEDICAL LIBRARY OPEN ACCESS _D0.00 _e900156 _FCBU-SCHOOL OF MEDICINE LIBRARY (Ndola) _H1 _I0.00 _jQH 345 NEL _M1 _UOUT _WNov 18, 2011 _y900156 _ZMedical Library Open Access Collection |
||
| 999 |
_c30865 _d30865 |
||